=LDR 00000nam 2200000 4500 =001 000171 =020 $9786025687082 =082 $595.700 =100 $$a Vintia =245 $$a Raih untung melimpah dari budidaya Ulat dan Jangkrik /$c Vintia =250 $Cetakan 1 =264 $Yogyakarta: Trans Idea Publishing 2024 =300 $120 halaman; 21 cm. =650 $Artropoda =905 $595.7 VIN r =336 $$a =337 $$a =338 $$a =005 20260702151432.0 =008 260702s2026\\\\\\\\\\\\\\\\\\\\\\\\\\\\\\\\\\\\\\\\\